000 00660nam a2200241 i 4500
001 C2-0320631
003 PPAK
005 20180728120048.0
008 130108s2012 my |||| ||||| | may d
020 _a9789675999222
040 _aPPAK
_beng
_cPPAK
_erda
082 0 4 _a899.233
_223
090 0 0 _a899.233
_bJAM
_dG
100 0 _aJamal Ali,
_eauthor
245 1 0 _aRintik-rintik hanya singgah
264 1 _aBandar Baru Bangi, Selangor :
_bPelima Media Sdn. Bhd. ,
_c2012
300 _a381 pages ;
_c19 cm
336 _2rdacontent
_atext
337 _2rdamedia
_aunmediated
338 _2rdacarrier
_avolume
650 1 0 _aMalay fiction.
942 _ddc
_cB
999 _c121289
_d121289